书目信息 |
| 题名: |
浪漫吉他金曲
|
|
| 作者: | 邵春良 著 | |
| 分册: | ||
| 出版信息: | 成都 四川人民出版社 1999.05 |
|
| 页数: | 150页 | |
| 开本: | 26cm | |
| 丛书名: | ||
| 单 册: | ||
| 中图分类: | J623.2 | |
| 科图分类: | ||
| 主题词: | 器乐--理论 , 器乐--奏法 , 器乐--演奏 | |
| 电子资源: | ||
| ISBN: | 7-220-03311-7 | |
| 000 | 00699 nam 000265 | |
| 001 | 0100005339 | |
| 005 | 20091217150034.45 | |
| 010 | @a7-220-03311-7@dCNY14.80 | |
| 100 | @a20090630d2005 em y0chiy0121 ea | |
| 101 | @achi | |
| 102 | @aCN@b510000 | |
| 105 | @ay z 000yy | |
| 106 | @ar | |
| 200 | 10 | @a浪漫吉他金曲@9lang man ji ta jin qu@f邵春良著@Fshao chun liang zhu |
| 210 | @a成都@c四川人民出版社@d1999.05 | |
| 215 | @a150页@d26cm | |
| 540 | @a浪漫吉他金曲 | |
| 606 | @a器乐@x理论 | |
| 606 | 0 | @a器乐@x奏法 |
| 606 | 0 | @a器乐@x演奏 |
| 690 | @aJ623.2@v4 | |
| 701 | 0 | @a邵春良@9shao chun liang@4著 |
| 801 | @aCN@c20091217 | |
| 901 | @a222222 | |
| 905 | @b904254-56@dJ623.2@eS325@f3 | |
| 浪漫吉他金曲/邵春良著.-成都:四川人民出版社,1999.05 |
| 150页;26cm |
| ISBN 7-220-03311-7:CNY14.80 |
| ● |
| 相关链接 |
|
|
|
正题名:浪漫吉他金曲
索取号:J623.2/S325
 
预约/预借
| 序号 | 登录号 | 条形码 | 馆藏地/架位号 | 状态 | 备注 |
| 1 | 904254 | 209042542 | 社科库309/309社科库 92排4列1层/ [索取号:J623.2/S325] | 在馆 | |
| 2 | 904255 | 209042551 | 社科库309/309社科库 92排4列1层/ [索取号:J623.2/S325] | 在馆 | |
| 3 | 904256 | 209042560 | 社科库309/309社科库 92排4列1层/ [索取号:J623.2/S325] | 在馆 |